00627nam a2200169 a 450000100100000000500170001000800410002702000150006804000250008308200150010824501110012326000330023430000340026759000260030195201130032799900170044000004237420201002040119.0131127s1994 sp r 000 0 spa d a8408011448 aDO-SdBNPbspacBNPHU axxxxbxxxx00aAmsterdam :bplano de la ciudad sumamente detallado guía con las informaciones turísticas ensenciales. aBarcelona :bPlaneta,c1994. a46 p. :bil. + mapa ;c26 cm. aInventariado, 2019/BT 001050718MOaGRbGRcHDd2013-11-27iLF1l0oxxxx xxxxp42374-10r2020-06-25w2020-06-25y1ZNo se presta c41863d41863